Normal view
MARC view
- المكتبات-ضبط الجودة-المكتبات الجامعية-ادارة -مراكز المعلومات -ادارة
Entry Topical Term
001 - CONTROL NUMBER
- control field: 30229
003 - CONTROL NUMBER IDENTIFIER
- control field: JO-AjAnu
005 - DATE AND TIME OF LATEST TRANSACTION
- control field: 20230606075113.0
008 - FIXED-LENGTH DATA ELEMENTS
- fixed length control field: 230606|| aca||aabn | a|a d
040 ## - CATALOGING SOURCE
- Original cataloging agency: JO-AjAnu
- Transcribing agency: JO-AjAnu
150 ## - HEADING--TOPICAL TERM
- Topical term or geographic name entry element: المكتبات-ضبط الجودة-المكتبات الجامعية-ادارة -مراكز المعلومات -ادارة
670 ## - SOURCE DATA FOUND
- Source citation: Work cat.: (JO-AjAnu)15526: الترتوري ، محمد عوض/ م مشارك محمد الرقب ، بشير مصطفى الناصر , author 30228, ادارة الجودة الشاملة في المكتبات ومراكز المعلومات الجامعية